| 000 | 00891nam a2200241 u 4500 | ||
|---|---|---|---|
| 005 | 20240604063636.0 | ||
| 008 | 190221s19952012 r 000 0 eng d | ||
| 020 | _a9789682978517 | ||
| 035 | _aUPN01000229208 | ||
| 049 | _aCG | ||
| 050 | 4 |
_aLB1578.327 CH6.54 _bM4.4 |
|
| 100 | 1 |
_aMeneses Méndez, Domingo _943001 |
|
| 245 | 1 | 0 |
_aLakty'añ ch'ol : _blengua chol : Chiapas y Tabasco : cuarto grado / _cDomingo Meneses Méndez. |
| 260 |
_aMéxico : _bSEP, Comisión Nacional de Libros de Texto Gratuitos, _c1995 (2012 impr.). |
||
| 300 |
_a172 p. : _bil. col. |
||
| 650 | 4 |
_aCARTILLA CHOL _97912 |
|
| 650 | 7 |
_aChol _xEstudio y enseñanza (Elemental) _2 _911968 |
|
| 650 | 4 |
_aIndígenas de México _zChiapas _xLenguas _926832 |
|
| 650 | 4 |
_aIndígenas de México _zTabasco _xLenguas _924178 |
|
| 740 | 0 | _aLengua chol : Chiapas y Tabasco : cuarto grado | |
| 905 | _aLibro | ||
| 999 |
_c201303 _d201303 |
||